000
00255nam a2200109Ia 4500
008
190216s9999||||xx |||||||||||||| ||und||
100
_a
Jain Sp And Narag K L
245
0
_a
Advanced Accounting
260
_b
S Chand & Co
_c
1992
300
_a
482p
942
_c
BK
999
_c
4802
_d
4802